000 00541nam a22001697a 4500
005 20251108164344.0
008 250721s1991 xx 000 0 ara d
082 1 4 _a698/حسي
100 1 _aجمعه، حسين محمد
245 1 0 _aالمرجع الحديث للمهندس العصري /
264 1 _aالقاهره :
_bمكتب الدراسات و الإستشارات الهندسيه،
_c1991.
300 _a176ص
650 1 7 _aالمباني
650 1 7 _aالهندسة المعمارية
942 _2ddc
_cBK
999 _c10143
_d10143